000 01408nam0a2200349 4500
001 RU\NLR\BIBL_A\010561422
005 20260405064340.0
010 _a978-5-9598-0168-7
_9100
021 _aRU
_b2014-76365
_94672
035 _a(NLR Aleph) 010561422
035 _a(NILC)RuMoRGB-007564690
090 _a10382038
_c10382038
100 _a20141210d2014 |||y0rusy50 ca
101 0 _arus
102 _aRU
105 _ay z 000zy
200 1 _aКиргизы в V в. до н. э. - в V в. н. э. (свидетельства эпоса "Манас")
_fИванов Юрий Михайлович
210 _aМосква
_cиздатель Карпов Е.В.
_d2014
215 _a37 с.
_d20
320 _aБиблиогр. в подстроч. примеч.
605 _a"Манас"
_lкиргизский героический эпос
_91395721
_3RU\NLR\AUTH\66274120
606 1 _aКиргизы
_xИстория
_zДревний период
_92212397
_3RU\NLR\AUTH\6601562744
686 1 _aТ3(5Ки)3,02
686 1 _aШ3(257=Ки)-611
700 1 _8rus
_7ca
_aИванов
_bЮ. М.
_cд-р ист. наук, канд. экон. наук
_f1929-
_gЮрий Михайлович
_3RU\NLR\AUTH\7722491
_95548
801 0 _aRU
_bРГБ
_c20141009
_gRCR
942 _cBOOK
980 _aNBR
980 _aNB